| 000 | 03308cam a22005775i 4500 | ||
|---|---|---|---|
| 999 |
_c129678 _d129678 |
||
| 001 | 20694336 | ||
| 003 | ARRUPE | ||
| 005 | 20190603120704.0 | ||
| 008 | 181002s2018 enkac 001 0 eng d | ||
| 010 | _a 2018288762 | ||
| 020 |
_a9781474255622 _q(pbk.) |
||
| 020 | _a1474255620 | ||
| 020 |
_a9781474255660 _q(hardback) |
||
| 020 | _a1474255663 | ||
| 020 |
_a9781474255646 _q(ePDF) |
||
| 020 |
_a1474255647 _q(ePDF) |
||
| 020 |
_a9781474255639 _q(ePub) |
||
| 020 |
_a1474255639 _q(ePub) |
||
| 035 | _a(OCoLC)ocn987796756 | ||
| 040 |
_aBTCTA _beng _cBTCTA _erda _dYDX _dBDX _dUZ0 _dGCB _dSTF _dYDX _dUCW _dCTW _dGYG _dTTU _dOCLCF _dDLC |
||
| 042 | _alccopycat | ||
| 050 | _aLB775.F763 D216 | ||
| 082 | 0 | 4 |
_a370.11/5 _223 |
| 082 | 0 | 4 |
_a370.1092 _223 |
| 100 | 1 |
_aDarder, Antonia, _eauthor. _946589 |
|
| 245 | 1 | 4 |
_aThe student guide to Freire's Pedagogy of the Oppressed / _cAntonia Darder. |
| 260 |
_aLondon _bBloomsbury Academy _c2018 |
||
| 300 |
_axxiii, 191 p. : _billustrations, portraits ; _c23 cm |
||
| 500 | _a"With a preface by Donaldo Macedo and an interview with Ana Maria Araújo Freire"--Cover. | ||
| 500 | _aPreface by Antonia Darder. | ||
| 500 | _aForeword by Donaldo Macedo. | ||
| 500 | _a"Impact, influences, and legacy: an interview with Ana Maria Araújo Freire": Pages [151]-171. | ||
| 504 | _aIncludes bibliographical references and index. | ||
| 505 | 0 | _aForeword / Donaldo Macedo -- Lived history -- Intellectual history -- In dialogue with the text: Major themes, chapter-by-chapter -- Impact, influences and, legacy: An interview with Ana Maria Araújo Freire. | |
| 520 | _aAntonia Darder closely examines Freire's ideas as they are articulated in Pedagogy of the Oppressed, beginning with a historical discussion of his life and a systematic discussion of the central philosophical traditions that informed his revolutionary ideas. Darder explores Freire's fundamental themes and ideas, including issues of humanization, teacher/student relationship, reflection, dialogue, praxis, and his larger emancipatory vision. The book also includes a chapter-by-chapter close reading of the text with sample questions to prompt discussion and engagement with Freire's ideas, as well as a new interview with Freire's widow, Ana Maria Araújo Freire, and a preface by Donaldo Macedo. -- from back cover. | ||
| 600 | 1 | 0 |
_aFreire, Paulo, _d1921-1997. _tPedagogy of the oppressed _946590 |
| 650 | 0 |
_aEducation _xPhilosophy. _946591 |
|
| 650 | 7 |
_aEducation _xPhilosophy. _2fast _946591 |
|
| 700 | 1 |
_aMacedo, Donaldo P. _q(Donaldo Pereira), _d1950- _eauthor of foreword. _946592 |
|
| 700 | 1 |
_aFreire, Ana Maria Araújo, _d1933- _946593 |
|
| 700 | 1 |
_aFreire, Paulo, _d1921-1997. _tPedagogia do oprimido. _lSpanish. _946594 |
|
| 700 | 1 |
_aFreire, Paulo, _d1921-1997. _tPedagogia do oprimido. _lEnglish. _946595 |
|
| 906 |
_a0 _bibc _ccopycat _d2 _encip _f20 _gy-gencatlg |
||
| 942 |
_2lcc _cMONOGRAPH |
||